000 00729nam a2200217 i 4500
001 93454
003 ES-MaACL
005 20250810090939.0
007 t|
008 050527s1884 fr ||||1| fre d
100 1 _aMartha, Jules.
_977175
245 1 0 _aManuel d'archéologie etrusque et romaine /
_cpar Jules Martha.
260 _aParis :
_bA. Quantin,
_c[1884]
300 _a318 p. :
_bil. ;
_c21 cm.
490 1 _aBibliothèque de l'enseignement des beaux-arts
650 7 _aRestos arqueológicos etruscos
_2embne
_9183334
650 7 _aRestos arqueológicos romanos
_2embne
_9169922
830 1 _aBibliothèque de l'enseignement des beaux-arts
_9181140
852 _aES-MaACL
_jB-2512
999 _c93454
_d93454